000 01095pam a2200337 a 4500
999 _c2283
_d2283
001 017447238
003 UkOxU
005 20230410110619.0
008 080625s2008 enka j 000 1 eng d
015 _aGBA893829
_2bnb
016 7 _a014680312
_2Uk
020 _a9780746096871 (hbk.) :
035 _a(Uk)014680312
040 _aStDuBDS
_beng
_cStDuBDS
_dUk
_dKH8
042 _aukblcatcopy
082 0 4 _a823.92 FRI
_222
100 1 _aFrith, Alex
_e(Children's author)
245 1 0 _aKing Midas and the gold /
_cretold by Alex Frith ; illustrated by Simona Sanfilippo ; reading consultant, Alison Kelly.
260 _aLondon :
_bUsborne,
_c2008.
300 _a32 p. :
_bcol. ill. ;
_c21 cm.
336 _atext
_2rdacontent
337 _aunmediated
_2rdamedia
338 _avolume
_2rdacarrier
490 0 _aUsborne first reading.Level one
500 _aFormerly CIP.
_5Uk
600 0 0 _aMidas
_c(Legendary character)
_vJuvenile fiction.
655 0 _aChildren's stories.
700 1 _aSanfilippo, Simona.
_eillustrator
700 1 _aKelly, Alison.
_ereading consultor
942 _2ddc
_cNFIC